| 000 | 00958nam a2200289 u 4500 | ||
|---|---|---|---|
| 005 | 20230512063628.0 | ||
| 008 | 200124s1997 ag r 000 0 spa d | ||
| 020 | _a9505572360 (10 dígitos) | ||
| 040 |
_aMX-MxUPN _bspa _cMX-MxUPN |
||
| 041 | 1 |
_aspa _hfre |
|
| 050 | 4 |
_aHM276 _bT68 1997 |
|
| 100 | 1 |
_aTouraine, Alain, _d1925- _929620 |
|
| 240 | 1 | 0 |
_aPourrons-nous vivre ensamble?. _lEspañol |
| 245 | 1 | 1 |
_a¿Podremos vivir juntos? : _biguales y diferentes |
| 250 | _aPrimera edición en español | ||
| 260 |
_aBuenos Aires, Argentina : _bFondo de Cultura Económica, _c1996. |
||
| 300 | _a335 páginas | ||
| 490 | _aSección de obras de sociología | ||
| 500 | _aTraducción de: Pourrons-nous vivre ensamble? | ||
| 650 | 4 |
_95798 _aMulticulturalismo |
|
| 650 | 4 |
_947427 _aPluralismo cultural |
|
| 700 | 1 |
_aPons, Horacio _etraducción _947353 |
|
| 902 | _bNoemiAcosta/220323 | ||
| 905 | _aLibro | ||
| 942 |
_n0 _cLIBRO _2lcc |
||
| 999 |
_c207205 _d207205 |
||